Teória a politika kapitálovej štruktúry podnikateľských subjektov zbierka príkladov
Saved in:
| Main Author: | |
|---|---|
| Corporate Author: | |
| Other Authors: | , |
| Format: | Book |
| Language: | Slovak |
| Published: |
Bratislava
Vydavateľstvo EKONÓM
2007
|
| Subjects: | |
| Tags: |
No Tags, Be the first to tag this record!
|
MARC
| LEADER | 00000nam$a2200000$$$4500 | ||
|---|---|---|---|
| 001 | 0053510 | ||
| 005 | 20240502071623.5 | ||
| 020 | |a 978-80-225-2297-7 | ||
| 041 | 0 | |a slo | |
| 044 | |a SK | ||
| 245 | 1 | 0 | |a Teória a politika kapitálovej štruktúry podnikateľských subjektov |b zbierka príkladov |c Jana Mikócziová, Vladimír Polavka, Kristína Jančovičová Bognárová |
| 264 | 1 | |a Bratislava |b Vydavateľstvo EKONÓM |c 2007 | |
| 300 | |a 186 s. | ||
| 610 | 2 | 0 | |a podnikanie |
| 610 | 2 | 0 | |a štruktúra kapitálová |
| 610 | 2 | 0 | |a podnik |
| 610 | 2 | 0 | |a financovanie |
| 610 | 2 | 0 | |a analýza finančná |
| 610 | 2 | 0 | |a zisk |
| 610 | 2 | 0 | |a náklady |
| 610 | 2 | 0 | |a kapitál |
| 610 | 2 | 0 | |a riziko finančné |
| 610 | 2 | 0 | |a modely |
| 610 | 2 | 0 | |a dividendy |
| 610 | 2 | 0 | |a hodnota podniku |
| 610 | 2 | 0 | |a plánovanie finančné |
| 610 | 2 | 0 | |a fúzie |
| 610 | 2 | 0 | |a stabilizácia podniku |
| 100 | 1 | |a Mikócziová, Jana | |
| 700 | 1 | |a Polavka, Vladimír | |
| 700 | 1 | |a Bognárová, Kristína, 1979- | |
| 710 | 2 | |a Ekonomická univerzita v Bratislave. Národohospodárska fakulta | |